000 00350nam a22001457a 4500
008 250304b |||||||| |||| 00| 0 eng d
020 _a9780323312110
050 _aSF991
_b.T48
100 _aEttinger
245 _aTextbook of Veterinary Internal Medicine
250 _a8th
260 _a2017
_bMissouri
_c2017
300 _alviii,2181p
942 _cBK
999 _c2092
_d2092